| 000 | 00553nam a2200181Ia 4500 | ||
|---|---|---|---|
| 003 | IN-BaIIA | ||
| 008 | 211028s9999 xx 000 0 eng d | ||
| 020 | _a0-471-29335-0 | ||
| 040 | _cIIA Library | ||
| 080 |
_a524.5 _bSPI |
||
| 100 |
_aSpitzer, L. _93206 |
||
| 245 | 0 |
_aPhysical processes in the interstellar medium _cL. Spitzer |
|
| 260 |
_aNew York _bJohn Wiley & Sons _c1998 |
||
| 300 | _axvii, 318p. | ||
| 650 |
_aInterstellar Matter _91189 |
||
| 650 |
_aInterstellar Medium _93375 |
||
| 942 | _cBK | ||
| 999 |
_c15280 _d15280 |
||